Iran Sanctions Act (ISA).

Provides background information on P.L. 107-24, the Iran Sanctions Act, formerly known as the Iran-Libya Sanctions Act (ILSA). Describes background and original passage of ILSA, modifications in the 109th Congress, effectiveness and ongoing challenges, and amendments proposed in the 110th Congress.

Bibliographic Details
Corporate Authors: Library of Congress. Congressional Research Service, ProQuest (Firm)
Format: eBook
Language:English
Published: [Place of publication not identified] : [publisher not identified], 2007.
Series:U.S. Congressional Research.
Subjects:
Online Access:Connect to the full text of this electronic book

MARC

Tag First Indicator Second Indicator Subfields
LEADER 00000cam a22000001a 4500
001 in00003336607
006 m d f
007 cr bn mmmapmmp
008 101214s2007 dcu o f000 0 eng d
005 20260429200645.6
035 |a cis2007860381 
040 |a ProQuest  |c ProQuest  |d UtOrBLW 
043 |a n-us--- 
099 |a CRS-2007-FDT-1155 
110 2 |a Library of Congress.  |b Congressional Research Service. 
245 1 0 |a Iran Sanctions Act (ISA). 
264 1 |a [Place of publication not identified] :  |b [publisher not identified],  |c 2007. 
300 |a 1 online resource. 
336 |a text  |b txt  |2 rdacontent 
337 |a computer  |b c  |2 rdamedia 
338 |a online resource  |b cr  |2 rdacarrier 
500 |a Record is based on bibliographic data in ProQuest U.S. Congressional Research Digital Collection (last viewed Dec. 2010). Reuse except for individual research requires license from ProQuest, LLC. 
500 |a CRS Report. 
520 |a Provides background information on P.L. 107-24, the Iran Sanctions Act, formerly known as the Iran-Libya Sanctions Act (ILSA). Describes background and original passage of ILSA, modifications in the 109th Congress, effectiveness and ongoing challenges, and amendments proposed in the 110th Congress. 
500 |a Electronic resource. 
650 0 |a Sanctions (International law) 
651 0 |a Iran. 
651 0 |a Libya. 
655 7 |a Electronic books.  |2 local 
710 2 |a ProQuest (Firm) 
776 0 8 |i Microfiche version:   |a Library of Congress. Congressional Research Service.  |t Iran Sanctions Act (ISA) 
830 0 |a U.S. Congressional Research. 
856 4 0 |u http://proxy.library.tamu.edu/login?url=https://congressional.proquest.com/congcomp/getdoc?CRDC-ID=CRS-2007-FDT-1155  |z Connect to the full text of this electronic book  |t 0 
999 |a MARS 
999 f f |s 43c528e0-bb88-3374-bfe3-0519aaa75074  |i 427c8de9-79f1-3a2d-b363-195a90504a69  |t 0 
952 f f |a Texas A&M University  |b College Station  |c Electronic Resources  |s www_evans  |d Available Online  |t 0  |e CRS-2007-FDT-1155  |h Other scheme 
998 f f |a CRS-2007-FDT-1155  |t 0  |l Available Online